| 000 | 00534nam a22002057a 4500 | ||
|---|---|---|---|
| 999 |
_c6667 _d6667 |
||
| 003 | OSt | ||
| 005 | 20200224151017.0 | ||
| 008 | 150408b xxu||||| |||| 00| 0 eng d | ||
| 020 | _a0340900989 | ||
| 040 | _cDDC | ||
| 082 | _a150 GRO 2005 | ||
| 100 |
_aGross, Richard _93607 |
||
| 245 |
_aPsychology: _bthe science of mind and behaviour |
||
| 250 | _a5th ed. | ||
| 260 |
_aUK; _bHodder, _c2005 |
||
| 300 |
_aviii,1007p; _bcol.ill: _c28cm |
||
| 504 | _aReferences & index included | ||
| 650 |
_aPsychology _931 |
||
| 942 |
_2ddc _cO_SHELF |
||